000 00252nam a2200097Ia 4500
008 230915s9999 xx 000 0 und d
050 _aKSK 2461 .K35 2012
100 _aKALUMA PETER
245 0 _aJUDICIAL REVIEW LAW PROCEDURE AND PRACTICE
942 _cBK
999 _c166213
_d166213